LEADER 04499nam 2200781 450 001 9910465782903321 005 20220407152037.0 010 $a3-11-046048-3 010 $a3-11-046233-8 024 7 $a10.1515/9783110462333 035 $a(CKB)3710000000718454 035 $a(EBL)4556864 035 $a(SSID)ssj0001678329 035 $a(PQKBManifestationID)16487381 035 $a(PQKBTitleCode)TC0001678329 035 $a(PQKBWorkID)14882346 035 $a(PQKB)10296514 035 $a(PQKBManifestationID)16292126 035 $a(PQKBWorkID)14882037 035 $a(PQKB)24261769 035 $a(DE-B1597)461754 035 $a(OCoLC)979955192 035 $a(DE-B1597)9783110462333 035 $a(Au-PeEL)EBL4556864 035 $a(CaPaEBR)ebr11223087 035 $a(CaONFJC)MIL931437 035 $a(OCoLC)951978057 035 $a(oapen)https://directory.doabooks.org/handle/20.500.12854/74647 035 $a(CaSebORM)9783110460483 035 $a(MiAaPQ)EBC4556864 035 $a(EXLCZ)993710000000718454 100 $a20160624h20162016 uy 0 101 0 $ager 135 $aur|n|---||||| 181 $ctxt 182 $cc 183 $acr 200 14$aDer Staat als Zuhalter $eDie Abschaffung der reglementierten Prostitution in Deutschland, Frankreich und Italien im 20. Jahrhundert /$fMalte Konig 210 $aBerlin/Boston$cDe Gruyter$d2016 210 1$aBerlin, [Germany] ;$aBoston, [Massachusetts] :$cDe Gruyter,$d2016. 210 4$d©2016 215 $a1 online resource (496 p.) 225 1 $aBibliothek des Deutschen Historischen Instituts in Rom,$x0070-4156 ;$vBand 131 300 $aDescription based upon print version of record. 311 $a3-11-046021-1 320 $aIncludes bibliographical references and index. 327 $tFrontmatter --$tInhalt --$tVorwort --$tEinleitung --$tI. Die Abschaffung der reglementierten Prostitution: Ausgangslage und Verlaufsskizzen --$t1 "Reglementierte Prostitution" im 19. und frühen 20. Jahrhundert --$t2. Gesetzesinitiative und Gesetzgebung: Verlaufsskizzen --$tII. Parlamentarische und öffentliche Debatte: Themen, Faktoren, Argumente --$t1. Gesundheitspolitik --$t2. Sozialpolitik: Prostitution und Gesellschaft --$t3. Geschlechterhierarchie und Emanzipation --$t4. Nationalgefühl, Identität und internationale Einflüsse --$tSchlussbetrachtung --$tRiassunto --$tAbbildungsnachweise --$tTabellenverzeichnis --$tQuellen- und Literaturverzeichnis --$tRegister 330 $aBis ins 20. Jahrhundert gab es in Europa Bordelle, in denen Prostitution staatlich toleriert und kontrolliert wurde. Die Studie untersucht, welche Argumente und Faktoren in den Parlamenten Deutschlands, Frankreichs und Italiens den Ausschlag gaben, um dieses System abzuschaffen. Historisch relevant ist eine Untersuchung dieser Gesetzesdebatten, da in ihnen ein Mentalitätswandel sichtbar wird. Neben hygienischen, moralischen und menschenrechtlichen standen sozial-, außen- und sicherheitspolitische Aspekte zur Diskussion. Nicht allein die Hierarchie zwischen den Geschlechtern wurde hinterfragt, sondern auch die innerhalb der Klassengesellschaft. Dass das Thema so delikat ist, erweist sich dabei als Vorteil; die parlamentarischen Debatten förderten Argumente und Denkweisen zutage, die sonst nicht ausgesprochen wurden, geschweige denn protokolliert. Methodische Relevanz kommt der Studie zu, weil über den Sinn transnationaler und vergleichender Geschichtsschreibung zwar viel theoretisch reflektiert wurde, es aber an sachgerecht abgegrenzten, quellengestützten empirischen Studien weiterhin mangelt. König leistet dem Abhilfe, indem er demonstriert, wie weit der historische Vergleich tragen kann, wenn er konsequent durchgeführt wird. 410 0$aBibliothek des Deutschen Historischen Instituts in Rom ;$vBand 131. 606 $aProstitution$zEurope$xHistory$y20th century 606 $aProstitution$xLaw and legislation$zEurope 606 $aProstitution$xSocial aspects$zEurope 610 $aProstitution 610 $aLegislation 610 $aDemocracy 610 $aHealthcare Policy 615 0$aProstitution$xHistory 615 0$aProstitution$xLaw and legislation 615 0$aProstitution$xSocial aspects 676 $a363.44094 700 $aKo?nig$b Malte$01048811 801 0$bMiAaPQ 801 1$bMiAaPQ 801 2$bMiAaPQ 906 $aBOOK 912 $a9910465782903321 996 $aDer Staat als Zuhalter$92477337 997 $aUNINA LEADER 04973nam 2201141 450 001 9910812148503321 005 20170919191339.0 010 $a1-78533-172-8 024 7 $a10.1515/9781785331725 035 $a(CKB)3710000000727793 035 $a(EBL)4007259 035 $a(SSID)ssj0001693232 035 $a(PQKBManifestationID)16546363 035 $a(PQKBTitleCode)TC0001693232 035 $a(PQKBWorkID)14934383 035 $a(PQKB)25091664 035 $a(MiAaPQ)EBC4007259 035 $a(DE-B1597)635948 035 $a(DE-B1597)9781785331725 035 $a(EXLCZ)993710000000727793 100 $a20160728h20162016 uy 0 101 0 $aeng 135 $aur|n|---||||| 181 $ctxt 182 $cc 183 $acr 200 00$aMortuary dialogues $edeath ritual and the reproduction of moral community in Pacific modernities /$fedited by David Lipset and Eric K. Silverman 210 1$aNew York, [New York] ;$aOxford, [England] :$cBerghahn,$d2016. 210 4$d©2016 215 $a1 online resource (262 p.) 225 1 $aASAO Studies in Pacific Anthropology ;$vVolume 7 300 $aDescription based upon print version of record. 311 $a1-78533-171-X 320 $aIncludes bibliographical references at the end of each chapters and index. 327 $aContents; Figures and Tables; Foreword; Acknowledgements; Introduction - Mortuary Ritual, Modern Social Theory, and the Historical Moment in Pacific Modernity; Part 1 - Tenacious Voices; Chapter 1 - Fearing the Dead: The Mortuary Rites of Marshall Islanders amid the Tragedy of Pacific Modernity; Chapter 2 - Into the World of Sorrow: Women and the Work of Death in Maori Mortuary Rites; Chapter 3 - Death and Experience in Rawa Mortuary Rites, Papua New Guinea; Chapter 4 - The Knotted Person: Death, the Bad Breast, and Melanesian Modernity among the Murik, Papua New Guinea 327 $aChapter 5 - Mortuary Ritual and Mining Riches in Island MelanesiaPart 2 - Equivocal Voices; Chapter 6 - Finishing Kapui's Name: Birth, Death, and the Reproduction of Manam Society, Papua New Guinea; Chapter 7 - Transformations of Male Initiation and Mortuary Rites among the Kayan of Papua New Guinea; Chapter 8 - Mortuary Failures: Traditional Uncertainties and Modern Families in the Sepik River, Papua New Guinea; Chapter 9 - Everything Will Come Up Like TV, Everything Will Be Revealed: Death in an Age of Uncertainty in the Purari Delta, Papua New Guinea 327 $aAfterword - Mortuary Dialogues in Pacific Modernities and AnthropologyIndex 330 $aMortuary Dialogues presents fresh perspectives on death and mourning across the Pacific Islands. Through a set of rich ethnographies, the book examines how funerals and death rituals give rise to discourse and debate about sustaining moral personhood and community amid modernity and its enormous transformations. The book?s key concept, ?mortuary dialogue,? describes the different genres of talk and expressive culture through which people struggle to restore individual and collective order in the aftermath of death in the contemporary Pacific. 410 0$aASAO studies in Pacific anthropology ;$vVolume 7. 606 $aPacific Islanders$xFuneral rites and ceremonies 606 $aFuneral rites and ceremonies$zPacific Area 606 $aMourning customs$zPacific Area 606 $aDeath$xSocial aspects$zPacific Area 610 $aafter death. 610 $aafterlife. 610 $aanthropologist. 610 $aanthropology. 610 $aback to normal. 610 $abelief. 610 $aburial. 610 $achristianity. 610 $acolonialism. 610 $acommunication. 610 $acultural. 610 $aculture. 610 $adavid lipset. 610 $adeath. 610 $adialogue. 610 $adying. 610 $aeric k silverman. 610 $afear of death. 610 $agrave. 610 $agrief. 610 $ahistorian. 610 $aislands. 610 $alast rites. 610 $alife and death. 610 $aloss. 610 $amaori. 610 $amodern world. 610 $amorgue. 610 $amortuary. 610 $amourning. 610 $apacific islands. 610 $apapua new guinea. 610 $apersonhood. 610 $areligion. 610 $aritual. 610 $asociety. 610 $asorrow. 610 $aspirit. 610 $atalk. 610 $atribal. 610 $atribe. 615 0$aPacific Islanders$xFuneral rites and ceremonies. 615 0$aFuneral rites and ceremonies 615 0$aMourning customs 615 0$aDeath$xSocial aspects 676 $a306.90995 702 $aLipset$b David$f1951- 702 $aSilverman$b Eric Kline 801 0$bMiAaPQ 801 1$bMiAaPQ 801 2$bMiAaPQ 906 $aBOOK 912 $a9910812148503321 996 $aMortuary dialogues$94070065 997 $aUNINA